| 000 | 01162cam a22002771i 4500 | ||
|---|---|---|---|
| 003 | SA-RiAUC | ||
| 005 | 20250815114450.0 | ||
| 008 | 250814s1974 ua g 00010 ara c | ||
| 040 |
_aSA-MaUQU _bara _cSA-RiAUC _erda |
||
| 043 | _ae-sp--- | ||
| 082 | 0 | 4 |
_a953.071 _qSA-RiAUC |
| 090 |
_a953.071 _bل س ا |
||
| 100 | 1 |
_aلسان الدين ابن الخطيب، محمد بن عبد الله بن سعيد، _d713-776 هجري _eمؤلف. |
|
| 245 | 1 | 2 |
_aالإحاطة في أخبار غرناطة / _cلسان الدين بن الخطيب ؛ تحقيق محمد عبد الله عنان. |
| 250 | _aالطبعة الأولى. | ||
| 264 | 1 |
_aالقاهرة : _bمكتبة الخانجى، _c1974. |
|
| 300 |
_aمجلد ؛ _c24 سم |
||
| 336 |
_aنص _btxt _2rdacontent _3كتاب |
||
| 337 |
_aبدون وسيط _bn _2rdamedia |
||
| 338 |
_aمجلد _bnc _2rdacarrier |
||
| 651 | 7 |
_aغرناطة (إسبانيا) _xتاريخ إسلامي _2aucsh |
|
| 651 | 7 |
_aالأندلس _xتاريخ إسلامي _2aucsh |
|
| 700 | 1 |
_aعنان، محمد عبد الله، _d1896-1986 _eمحقق. |
|
| 942 |
_2ddc _cBOOK _n0 |
||
| 949 |
_aSA-JeALM _d250814 _uosman123 _n1 |
||
| 999 |
_c10791 _d10791 |
||